000 00635 a2200217 4500
001 61583
005 20260407155906.0
008 260407a1959 arg spa d
003 AR-UNSa-BCEJYS
040 _aAR-UNSa-BCEJYS
_bspa
_cAR-UNSa-BCEJYS
080 _a347.65/.68
_xSucesiones (Herencia. Testamento)
245 1 0 _aCurso de derecho civil
_pSucesiones
264 1 _aBuenos Aires :
_bBiblioteca Jurídica Argentina
_c1959
300 _a380 p.
_c24 cm.
041 _aspa
942 _cBK
590 _aniveau_biblio:m niveau_hierar:0
100 1 _aLafaille, Héctor
700 1 _aArgüello, Isauro P.
700 1 _aFrutos, Pedro
999 _c7340
_d7340